[Event "Khanty-Mansiysk Governor Cup 20th"]
[Site "Khanty-Mansiysk"]
[Date "2024.11.08"]
[Round "4"]
[White "Afanasieva, Maria"]
[Black "Smekalov, Alexei"]
[Result "1/2-1/2"]
[WhiteElo "1818"]
[BlackElo "2126"]
[PlyCount "95"]
[EventDate "2024.11.05"]
[EventType "swiss"]
[EventRounds "9"]
[EventCountry "RUS"]
[SourceTitle "CB47_2024"]
[SourceDate "2024.11.20"]
[SourceVersion "1"]
[SourceVersionDate "2024.11.20"]
[SourceQuality "1"]

1. d4 Nf6 2. Nf3 b6 3. c4 Bb7 4. Nc3 e6 5. a3 d5 6. Bg5 Be7 7. e3 0-0 8. Rc1 dxc4 9. Bxc4 Nbd7 10. 0-0 c5 11. Be2 a6 12. Qc2 Rc8 13. Rfd1 cxd4 14. Rxd4 Qc7 15. Qd1 Rfe8 16. Na2 Qb8 17. Rxc8 Qxc8 18. Rc4 Qb8 19. Nc3 b5 20. Rd4 Nb6 21. Bf4 Qc8 22. Ne5 Rd8 23. Bf3 Bxf3 24. Rxd8+ Qxd8 25. Qxd8+ Bxd8 26. gxf3 Bc7 27. Nd3 Bxf4 28. Nxf4 Nc4 29. Nd3 Nd7 30. Kf1 Kf8 31. Ke2 Ke7 32. Nb4 Nc5 33. Nd1 Kd6 34. f4 f6 35. Nd3 Nxd3 36. Kxd3 Kc5 37. Kc2 a5 38. Nc3 Nd6 39. Ne2 e5 40. fxe5 fxe5 41. b3 Ne4 42. f4 exf4 43. exf4 Kd5 44. Kd3 b4 45. axb4 axb4 46. Ke3 g6 47. Nc1 Nc5 48. Na2 1/2-1/2

[Event "Khanty-Mansiysk Governor Cup 20th"]
[Site "Khanty-Mansiysk"]
[Date "2024.11.07"]
[Round "3"]
[White "Smekalov, Alexei"]
[Black "Perchinsky, Bogdan K"]
[Result "1/2-1/2"]
[WhiteElo "2126"]
[BlackElo "1966"]
[PlyCount "47"]
[EventDate "2024.11.05"]
[EventType "swiss"]
[EventRounds "9"]
[EventCountry "RUS"]
[SourceTitle "CB47_2024"]
[SourceDate "2024.11.20"]
[SourceVersion "1"]
[SourceVersionDate "2024.11.20"]
[SourceQuality "1"]

1. d4 e6 2. Bf4 b6 3. e4 Bb7 4. Nd2 Nf6 5. Bd3 h6 6. h4 Nc6 7. c3 d6 8. Qe2 e5 9. dxe5 dxe5 10. Bh2 Bd6 11. Nc4 Qe7 12. Ne3 g6 13. 0-0-0 0-0-0 14. Nf3 Rhe8 15. Bb5 Nd7 16. Nd5 Qf8 17. Nd2 Ndb8 18. Nc4 a6 19. Ncxb6+ cxb6 20. Nxb6+ Kc7 21. Nd5+ Kc8 22. Nb6+ Kc7 23. Nd5+ Kc8 24. Nb6+ 1/2-1/2

[Event "Khanty-Mansiysk Governor Cup 20th"]
[Site "Khanty-Mansiysk"]
[Date "2024.11.06"]
[Round "2"]
[White "Pingin, Artem"]
[Black "Smekalov, Alexei"]
[Result "1-0"]
[WhiteElo "2447"]
[BlackElo "2126"]
[PlyCount "61"]
[EventDate "2024.11.05"]
[EventType "swiss"]
[EventRounds "9"]
[EventCountry "RUS"]
[SourceTitle "CB47_2024"]
[SourceDate "2024.11.20"]
[SourceVersion "1"]
[SourceVersionDate "2024.11.20"]
[SourceQuality "1"]

1. d4 d5 2. c4 c6 3. Nf3 Nf6 4. g3 Bf5 5. Nc3 e6 6. Qb3 Qb6 7. c5 Qxb3 8. axb3 Na6 9. Bf4 Ne4 10. Bg2 f6 11. Nh4 g5 12. Nxf5 gxf4 13. Nh4 f5 14. gxf4 Bh6 15. e3 Rg8 16. Bf1 Nc7 17. Nf3 Ke7 18. Nxe4 dxe4 19. Ne5 Nd5 20. Nc4 a6 21. Be2 Rab8 22. f3 exf3 23. Bxf3 Kf6 24. Kf2 Rbd8 25. Rhg1 Rxg1 26. Rxg1 Bf8 27. Bh5 Be7 28. Ne5 Bf8 29. Ke2 Ke7 30. Bf3 Nf6 31. Bxc6 1-0

[Event "Cheliabinsk Kurnosov Memorial Rapid"]
[Site "Cheliabinsk"]
[Date "2024.09.07"]
[Round "2"]
[White "Smekalov, Alexei"]
[Black "Smirnov, Pavel"]
[Result "1/2-1/2"]
[WhiteElo "2143"]
[BlackElo "2483"]
[PlyCount "42"]
[EventDate "2024.09.07"]
[EventType "swiss (rapid)"]
[EventRounds "11"]
[EventCountry "RUS"]
[SourceTitle "EXT 2025"]
[Source "ChessBase"]
[SourceDate "2024.10.14"]
[SourceVersion "1"]
[SourceVersionDate "2024.10.14"]
[SourceQuality "1"]

1. e4 e5 2. Nf3 Nc6 3. Bc4 Nf6 4. d3 Bc5 5. c3 0-0 6. 0-0 h6 7. Re1 d6 8. h3 a6 9. a4 a5 10. d4 Bb6 11. Bb3 Re8 12. Bc2 exd4 13. cxd4 Nb4 14. Nc3 Nxc2 15. Qxc2 c6 16. Re2 Be6 17. Bf4 Rc8 18. Rd1 Ba7 19. Qd3 Qd7 20. Qd2 Bc4 21. Ree1 Bb3 1/2-1/2

[Event "St Petersburg Korchnoi Memorial op"]
[Site "St Petersburg"]
[Date "2024.08.20"]
[Round "6"]
[White "Gusev, Kirill1"]
[Black "Smekalov, Alexei"]
[Result "1/2-1/2"]
[WhiteElo "2058"]
[BlackElo "2132"]
[PlyCount "54"]
[EventDate "2024.08.17"]
[EventType "swiss"]
[EventRounds "9"]
[EventCountry "RUS"]
[SourceTitle "EXT 2025"]
[Source "ChessBase"]
[SourceDate "2024.10.14"]
[SourceVersion "1"]
[SourceVersionDate "2024.10.14"]
[SourceQuality "1"]

1. d4 d5 2. c4 dxc4 3. Nf3 Nf6 4. e3 Bg4 5. Bxc4 e6 6. Nc3 Nc6 7. 0-0 Bd6 8. h3 Bh5 9. Re1 0-0 10. g4 Bg6 11. e4 Bb4 12. Bg5 h6 13. Bh4 Be7 14. Bxf6 Bxf6 15. e5 Na5 16. exf6 Nxc4 17. fxg7 Kxg7 18. Qe2 Qf6 19. Kg2 Nb6 20. Ne5 c6 21. Rad1 Rad8 22. Kg3 Nd5 23. Nxd5 Rxd5 24. Kg2 Kh7 25. Kg3 Kg7 26. Kg2 Kh7 27. Kg3 Kg7 1/2-1/2

[Event "St Petersburg Korchnoi Memorial op"]
[Site "St Petersburg"]
[Date "2024.08.18"]
[Round "4"]
[White "Popkov, Alexander R"]
[Black "Smekalov, Alexei"]
[Result "0-1"]
[WhiteElo "1928"]
[BlackElo "2132"]
[PlyCount "94"]
[EventDate "2024.08.17"]
[EventType "swiss"]
[EventRounds "9"]
[EventCountry "RUS"]
[SourceTitle "CBM 221 Extra"]
[Source "ChessBase"]
[SourceDate "2024.09.30"]
[SourceVersion "1"]
[SourceVersionDate "2024.09.30"]
[SourceQuality "1"]

1. d4 d5 2. e3 Nf6 3. b4 Bf5 4. Bd3 Bg6 5. Nf3 e6 6. b5 c5 7. bxc6 Nxc6 8. 0-0 Bd6 9. c4 dxc4 10. Bxc4 0-0 11. Nc3 Rc8 12. Bb2 a6 13. Rc1 Nb4 14. Be2 Qa5 15. a3 Nbd5 16. Nxd5 Nxd5 17. Qb3 b5 18. Bd3 Nb6 19. Bxg6 hxg6 20. Ne5 Qa4 21. Qd3 Bxe5 22. dxe5 Nc4 23. Bd4 Rfd8 24. Rc3 Rc6 25. f4 Nb2 26. Qd2 Nc4 27. Qd3 Nb2 28. Qd2 Rxc3 29. Qxc3 Nc4 30. Ra1 Rc8 31. h3 Rc6 32. Qb4 Qc2 33. a4 Qe4 34. Qe1 b4 35. Rc1 b3 36. Qh4 f6 37. Qf2 Nxe5 38. Rd1 Rc2 39. Qg3 Nc4 40. f5 Qxf5 41. Rf1 Qg5 42. Qb8+ Kh7 43. Qh2 e5 44. h4 Qg4 45. Bc5 e4 46. Rf2 Rxf2 47. Kxf2 Qf5+ 0-1

[Event "St Petersburg Korchnoi Memorial op"]
[Site "St Petersburg"]
[Date "2024.08.18"]
[Round "3"]
[White "Smekalov, Alexei"]
[Black "Komissarova, Soigina"]
[Result "1/2-1/2"]
[WhiteElo "2132"]
[BlackElo "1842"]
[PlyCount "80"]
[EventDate "2024.08.17"]
[EventType "swiss"]
[EventRounds "9"]
[EventCountry "RUS"]
[SourceTitle "CBM 221 Extra"]
[Source "ChessBase"]
[SourceDate "2024.09.30"]
[SourceVersion "1"]
[SourceVersionDate "2024.09.30"]
[SourceQuality "1"]

1. e4 c5 2. Nf3 Nc6 3. d4 cxd4 4. Nxd4 Nf6 5. Nc3 e5 6. Ndb5 d6 7. Bg5 a6 8. Na3 Be6 9. Nc4 Rb8 10. h4 Be7 11. Bxf6 Bxf6 12. Qxd6 Bxh4 13. Nd5 Qxd6 14. Nxd6+ Kd7 15. Nc4 Bd8 16. Rd1 Ke8 17. c3 b5 18. Nce3 g6 19. g3 Kf8 20. Bh3 a5 21. Nc2 Bxh3 22. Rxh3 b4 23. Nce3 Kg7 24. Ke2 h5 25. Nc4 Bg5 26. Nde3 Rhd8 27. Rhh1 a4 28. Rxd8 Bxd8 29. Nd5 bxc3 30. bxc3 Na5 31. Nde3 Nxc4 32. Nxc4 Bg5 33. Rd1 Rc8 34. Kd3 f5 35. Nxe5 Rd8+ 36. Kc2 Rxd1 37. Kxd1 fxe4 38. c4 Bf6 39. Nc6 g5 40. Ke2 h4 1/2-1/2

[Event "St Petersburg Korchnoi Memorial op"]
[Site "St Petersburg"]
[Date "2024.08.17"]
[Round "1"]
[White "Smekalov, Alexei"]
[Black "Shikhalieva, Ariana"]
[Result "1-0"]
[WhiteElo "2132"]
[BlackElo "1762"]
[PlyCount "61"]
[EventDate "2024.08.17"]
[EventType "swiss"]
[EventRounds "9"]
[EventCountry "RUS"]
[SourceTitle "CBM 221 Extra"]
[Source "ChessBase"]
[SourceDate "2024.09.30"]
[SourceVersion "1"]
[SourceVersionDate "2024.09.30"]
[SourceQuality "1"]

1. e4 c5 2. Nf3 d6 3. d4 cxd4 4. Nxd4 Nf6 5. Nc3 g6 6. Be3 Bg7 7. f3 a6 8. Qd2 h5 9. Bc4 b5 10. Bb3 Bb7 11. 0-0 Nbd7 12. Rae1 0-0 13. a4 bxa4 14. Nxa4 Nc5 15. Nxc5 dxc5 16. Ne2 Qc7 17. Bh6 Rfd8 18. Qg5 c4 19. Bxg7 Kxg7 20. Ba4 Qb6+ 21. Kh1 Rac8 22. Ng3 Kh7 23. e5 Ng8 24. f4 e6 25. f5 exf5 26. c3 Bd5 27. Bc2 Be6 28. Rf4 Rd2 29. Nxh5 Qd8 30. Nf6+ Nxf6 31. exf6 1-0

[Event "Minsk op"]
[Site "Minsk"]
[Date "2023.11.08"]
[Round "6"]
[White "Smekalov, Alexei"]
[Black "Tunik, Gennady"]
[Result "1/2-1/2"]
[WhiteElo "1989"]
[BlackElo "2272"]
[PlyCount "71"]
[EventDate "2023.11.03"]
[EventType "swiss"]
[EventRounds "9"]
[EventCountry "BLR"]
[SourceTitle "CBM 217 Extra"]
[Source "ChessBase"]
[SourceDate "2024.01.31"]
[SourceVersion "1"]
[SourceVersionDate "2024.01.31"]
[SourceQuality "1"]

1. e4 c5 2. Nf3 e6 3. d4 cxd4 4. Nxd4 a6 5. Bd3 Bc5 6. Nb3 Ba7 7. 0-0 Ne7 8. c4 d6 9. Nc3 Nbc6 10. Qe2 0-0 11. Be3 e5 12. Bxa7 Rxa7 13. Qe3 b6 14. Rac1 Be6 15. Rfd1 Qb8 16. f3 h6 17. Bf1 Rd8 18. Nd5 Rb7 19. Rd2 f5 20. exf5 Bxf5 21. Bd3 Nxd5 22. cxd5 Ne7 23. Bxf5 Nxf5 24. Qd3 Ne7 25. Rdc2 Ra7 26. Nd2 Qa8 27. Ne4 Qxd5 28. Qxd5+ Nxd5 29. Rc8 Rxc8 30. Rxc8+ Kf7 31. Nxd6+ Ke6 32. Nc4 Ne7 33. Rd8 Nf5 34. Re8+ Ne7 35. Rd8 Nf5 36. Rc8 1/2-1/2

[Event "Chigorin Memorial 30th"]
[Site "St Petersburg"]
[Date "2023.10.25"]
[Round "5"]
[White "Smekalov, Alexei"]
[Black "Potapenko, Nikita"]
[Result "1-0"]
[WhiteElo "1962"]
[BlackElo "1589"]
[PlyCount "73"]
[EventDate "2023.10.21"]
[EventType "swiss"]
[EventRounds "9"]
[EventCountry "RUS"]
[SourceTitle "CBM 216 Extra"]
[Source "ChessBase"]
[SourceDate "2023.11.30"]
[SourceVersion "1"]
[SourceVersionDate "2023.11.30"]
[SourceQuality "1"]

1. e4 c6 2. d3 d5 3. Nd2 Qc7 4. Ngf3 e5 5. d4 exd4 6. exd5 cxd5 7. Bd3 Nc6 8. 0-0 Bd6 9. Nb3 Bg4 10. h3 Bh5 11. g4 Bg6 12. Nbxd4 a6 13. Bg5 Nge7 14. Re1 0-0 15. c3 Rfe8 16. Qc2 Bc5 17. Re2 Bxd4 18. Nxd4 Nxd4 19. cxd4 Qxc2 20. Bxc2 Bxc2 21. Bxe7 Be4 22. Bb4 Bd3 23. Rxe8+ Rxe8 24. Rc1 Bb5 25. Rc7 Bc6 26. Be7 Ra8 27. f4 a5 28. f5 a4 29. Kf2 f6 30. h4 Re8 31. g5 fxg5 32. hxg5 Rb8 33. f6 gxf6 34. gxf6 Be8 35. Bd6 Rd8 36. Rg7+ Kh8 37. Be5 1-0

[Event "Urals-ch"]
[Site "Khanty-Mansiysk"]
[Date "2021.03.18"]
[Round "8"]
[White "Smekalov, Alexei"]
[Black "Popovich, Alexey"]
[Result "1/2-1/2"]
[WhiteElo "1736"]
[BlackElo "2102"]
[PlyCount "107"]
[EventDate "2021.03.11"]
[EventType "swiss"]
[EventRounds "9"]
[EventCountry "RUS"]
[SourceTitle "CBM 201 Extra"]
[Source "ChessBase"]
[SourceDate "2021.05.31"]
[SourceVersion "1"]
[SourceVersionDate "2021.05.31"]
[SourceQuality "1"]

1. e4 e5 2. Nf3 d6 3. d4 exd4 4. Nxd4 Nf6 5. Nc3 Be7 6. Bc4 0-0 7. 0-0 Nc6 8. Re1 Ne5 9. Bf1 Re8 10. h3 c6 11. Be3 Qc7 12. a4 a5 13. f4 Ng6 14. Qf3 Bf8 15. Rad1 d5 16. e5 Nd7 17. Bf2 f6 18. Nxd5 cxd5 19. Qxd5+ Kh8 20. Nb5 Qxc2 21. Bc4 Bc5 22. Bxc5 Nxc5 23. Rd2 Be6 24. Rxc2 Bxd5 25. Bxd5 Nd3 26. Rd1 Ngxf4 27. Bxb7 Rab8 28. Nd6 Re7 29. exf6 gxf6 30. Bf3 h5 31. Rcd2 Rb3 32. Be4 Nc5 33. Bb1 Ne2+ 34. Kh2 Ng3 35. Nf5 Nxf5 36. Bxf5 Re5 37. Rd5 Rxb2 38. Rxe5 fxe5 39. Rd5 Nxa4 40. Rxa5 Nc3 41. Rxe5 Rb5 42. Rxb5 Nxb5 43. Kg3 Kg7 44. Bd3 Nd4 45. Kf4 Kf6 46. Bc4 Nf5 47. Be2 Nh4 48. g3 Nf5 49. g4 hxg4 50. hxg4 Nh6 51. g5+ Kg7 52. Bc4 Nf7 53. Bxf7 Kxf7 54. Kf5 1/2-1/2

[Event "Urals-ch"]
[Site "Khanty-Mansiysk"]
[Date "2021.03.15"]
[Round "5"]
[White "Maslov, Marat"]
[Black "Smekalov, Alexei"]
[Result "0-1"]
[WhiteElo "2018"]
[BlackElo "1736"]
[PlyCount "70"]
[EventDate "2021.03.11"]
[EventType "swiss"]
[EventRounds "9"]
[EventCountry "RUS"]
[SourceTitle "CBM 201 Extra"]
[Source "ChessBase"]
[SourceDate "2021.05.31"]
[SourceVersion "1"]
[SourceVersionDate "2021.05.31"]
[SourceQuality "1"]

1. e4 c5 2. Nf3 e6 3. d4 cxd4 4. Nxd4 Nf6 5. Nc3 Nc6 6. Be3 Bb4 7. f3 d5 8. Nxc6 bxc6 9. exd5 Nxd5 10. Bd2 0-0 11. Nxd5 exd5 12. Bxb4 Qh4+ 13. Kd2 Qxb4+ 14. Kc1 Rb8 15. Rb1 Re8 16. Bd3 c5 17. Qd2 Qa4 18. Re1 c4 19. Rxe8+ Qxe8 20. Bf1 Bf5 21. b3 c3 22. Qxc3 Rc8 23. Qd2 Rxc2+ 24. Qxc2 Bxc2 25. Kxc2 Qc6+ 26. Kb2 Qf6+ 27. Ka3 Qd6+ 28. b4 Qxh2 29. Kb3 Qf4 30. a4 Qe3+ 31. Ka2 Qf2+ 32. Kb3 Qd2 33. a5 g6 34. a6 d4 35. b5 d3 0-1

[Event "Urals-ch"]
[Site "Khanty-Mansiysk"]
[Date "2021.03.14"]
[Round "4"]
[White "Smekalov, Alexei"]
[Black "Makov, Artem"]
[Result "1-0"]
[WhiteElo "1736"]
[BlackElo "1948"]
[PlyCount "61"]
[EventDate "2021.03.11"]
[EventType "swiss"]
[EventRounds "9"]
[EventCountry "RUS"]
[SourceTitle "CBM 201 Extra"]
[Source "ChessBase"]
[SourceDate "2021.05.31"]
[SourceVersion "1"]
[SourceVersionDate "2021.05.31"]
[SourceQuality "1"]

1. e4 c5 2. Nf3 d6 3. d4 cxd4 4. Nxd4 Nf6 5. Nc3 a6 6. f4 e5 7. Nf3 Nbd7 8. a4 b6 9. Bd3 Be7 10. 0-0 0-0 11. Qe1 Bb7 12. Kh1 Rc8 13. Qg3 Nh5 14. Qh3 Nxf4 15. Bxf4 exf4 16. e5 g6 17. exd6 Bxd6 18. Rad1 Nf6 19. Rfe1 Qc7 20. Ng5 h5 21. Bxg6 fxg6 22. Qe6+ Kg7 23. Qxd6 Qxd6 24. Rxd6 Kh6 25. h4 Rc6 26. Rxf6 Rcxf6 27. Re7 Bxg2+ 28. Kxg2 Rh8 29. Kf3 a5 30. Nce4 Rf5 31. Nd6 1-0

[Event "Urals-ch"]
[Site "Khanty-Mansiysk"]
[Date "2021.03.11"]
[Round "1"]
[White "Polosin, Evgeni"]
[Black "Smekalov, Alexei"]
[Result "1-0"]
[WhiteElo "2219"]
[BlackElo "1736"]
[PlyCount "73"]
[EventDate "2021.03.11"]
[EventType "swiss"]
[EventRounds "9"]
[EventCountry "RUS"]
[SourceTitle "CBM 201 Extra"]
[Source "ChessBase"]
[SourceDate "2021.05.31"]
[SourceVersion "1"]
[SourceVersionDate "2021.05.31"]
[SourceQuality "1"]

1. Nc3 d5 2. e4 d4 3. Nce2 e5 4. Ng3 Bd6 5. Nf3 Ne7 6. Bc4 0-0 7. d3 Nbc6 8. a4 Ng6 9. Nf5 Bxf5 10. exf5 Nh4 11. Nxh4 Qxh4 12. 0-0 Ne7 13. g3 Qf6 14. Qf3 Qxf5 15. Qxb7 c6 16. f4 Rfb8 17. Qa6 e4 18. dxe4 Qxe4 19. Bd3 Qd5 20. Qc4 Re8 21. Bd2 Rab8 22. b3 Bc5 23. Rfe1 Qxc4 24. bxc4 g6 25. g4 f6 26. Re6 Kf7 27. Rae1 a6 28. g5 fxg5 29. fxg5 Rbc8 30. R6e5 Bd6 31. Ra5 Ra8 32. c5 Bc7 33. Rxa6 Rxa6 34. Bxa6 Ra8 35. Bc4+ Kf8 36. a5 Nf5 37. a6 1-0

[Event "RUS-chT U14 final"]
[Site "Sochi"]
[Date "2019.05.04"]
[Round "4.4"]
[White "Smekalov, Alexei"]
[Black "Mneyan, Ripsime"]
[Result "0-1"]
[WhiteElo "1655"]
[BlackElo "1540"]
[PlyCount "136"]
[EventDate "2019.05.01"]
[EventType "team-tourn"]
[EventRounds "9"]
[EventCountry "RUS"]
[SourceTitle "CBM 190 Extra"]
[Source "ChessBase"]
[SourceDate "2019.07.15"]
[SourceVersion "1"]
[SourceVersionDate "2019.07.15"]
[SourceQuality "1"]

1. e4 e5 2. Nf3 Nc6 3. d4 exd4 4. Bc4 Nf6 5. e5 d5 6. Bb5 Ne4 7. Nxd4 Bd7 8. Bxc6 bxc6 9. 0-0 Bc5 10. f3 Ng5 11. f4 Ne4 12. Be3 Bb6 13. Nd2 Nxd2 14. Qxd2 c5 15. Nf3 d4 16. Bf2 0-0 17. Qd3 h6 18. f5 Qe8 19. Qe4 Bc6 20. Qf4 Bxf3 21. gxf3 Kh7 22. f6 g6 23. c3 Rd8 24. Rad1 Qe6 25. a4 a5 26. Rfe1 Rd5 27. Kg2 Rfd8 28. h4 c6 29. Rc1 Bc7 30. Bg3 Re8 31. h5 Rxe5 32. hxg6+ fxg6 33. Qh4 Re2+ 34. Bf2 Qf5 35. Rxe2 Rxe2 36. cxd4 g5 37. Qh5 Qxf6 38. Rxc5 Kg7 39. Qg4 Bb6 40. Re5 Rxf2+ 41. Kxf2 Qxe5 42. Qd7+ Kf8 43. Qc8+ Qe8 44. Qf5+ Kg7 45. Qg4 Qd8 46. Ke3 Qe7+ 47. Kd3 Qd6 48. Kc3 c5 49. dxc5 Qxc5+ 50. Kd3 Qe3+ 51. Kc2 Qd4 52. Qe6 Qxa4+ 53. Kc1 Qf4+ 54. Kb1 Qf6 55. Qd7+ Kg6 56. Qe8+ Kg7 57. Qd7+ Qf7 58. Qb5 Bc7 59. Qc5 Kg6 60. Qc6+ Kh5 61. Qc3 Qf5+ 62. Ka1 Be5 63. Qc6 Qf6 64. Qe8+ Kh4 65. Qa4+ Qf4 66. Qd1 Kh5 67. Qf1 Qh2 68. Qb5 Qxb2+ 0-1